Cincuenta años de pensamiento en la Cepal textos seleccionados (Registro nro. 51345)

Detalles MARC
000 -ENCABEZADO
Número de control [NR] 01383nam a2200229Ia 4500
005 - FECHA Y HORA DE LA ÚLTIMA TRANSACCIÓN
control field 20211111074509.0
008 - DE LONGITUD FIJA DE DATOS DE ELEMENTOS - INFORMACIÓN GENERAL
Elementos de longitud fija [NR] 130821s1998 mx gr spa
020 ## - NUMERO INTERNACIONAL NORMALIZADO PARA LIBROS [R]
Número Internacional Normalizado del libro [NR] 9567083991
040 ## - FUENTE DE CATALOGACION [NR]
Agencia de catalogación original [NR] Co-BoUCM
Idioma de catalogación [NR] spa
041 00 - CODIGO DE IDIOMA [R]
Código de idioma para texto/pista de sonido o título separado [R] Español
245 10 - MENCION DE TITULO [NR]
Título [NR] Cincuenta años de pensamiento en la Cepal textos seleccionados
Mención de responsabilidad, etc. [NR] Raúl Prebisch...[et al.]
260 ## - PUBLICACION, DISTRIBUCION, ETC. (PIE DE IMPRENTA) [R]
Lugar de publicación, distribución, etc. [R] México D.F. (México)
Nombre del editor, distribuidor, etc. [R] Fondo de Cultura Económica, Cepal
Fecha de publicación, distribución, etc. [R] 1998
300 ## - DESCRIPCION FISICA [R]
Extensión [R] [1 volumen]
490 ## - MENCION DE SERIE [R]
Mención de serie [R] Sección de Obras de Economía Contemporánea
505 ## - NOTA DE CONTENIDO CON FORMATO PREESTABLECIDO [R]
Nota de contenido con formato preestablecido [NR] v.1 El desarrollo económico de la América Latina y algunos de sus principales problemas ; Estudio económico de América Latina, 1949 ; Problemas teóricos y prácticos del crecimiento económico ; Auge y declinación del proceso de sustitución de importaciones en el Brasil ; Desarrollo y subdesarrollo; Introducción y desarrollo económico en Chile y México ; Hacia una dinámica del desarrollo latinoamericano.
610 ## - ASIENTO SECUNDARIO DE MATERIA - NOMBRE CORPORATIVO [R]
Nombre corporativo o nombre de la jurisdicción como elemento de entrada [NR] Comisión Económica para América Latina y el Caribe. CEPAL
Subdivisión de forma [R] Colecciones de escritos
-- 1948-1998
9 (RLIN) 163151
650 04 - ASIENTO SECUNDARIO DE MATERIA - TERMINO TEMATICO [R]
Término temático o nombre geográfico como elemento de entrada [NR] Economía
9 (RLIN) 174
651 #7 - ASIENTO SECUNDARIO DE MATERIA - NOMBRE GEOGRAFICO [R]
Nombre geográfico [NR] América Latina
Subdivisión general [R] Condiciones económicas
-- 1948-1998
Subdivisión de forma [R] Ensayos, conferencias, etc.
9 (RLIN) 26570
651 #7 - ASIENTO SECUNDARIO DE MATERIA - NOMBRE GEOGRAFICO [R]
Nombre geográfico [NR] América Latina
Subdivisión general [R] Política económica
-- 1948-1998
Subdivisión de forma [R] Ensayos, conferencias, etc.
9 (RLIN) 26570
942 ## - ELEMENTOS DE ENTRADA AGREGADOS (KOHA)
Tipo de ítem principal el descrito en 300a Libro
Tema principal Economía
Edición 1
Parte restante de la signatura top. C733c
Sistema de clasificación DEWEY
Clasificación 330.98
Existencias
Fecha de último préstamo Total préstamos Total Renewals Signatura topográfica Código de barras Última vez visto Volúmen / Fascículo Ejemplar Price effective from Tipo de ítem Perdido Sistema de clasificación Dañado No prestable Tipo de ítem específico Suprimido Ubicación habitual Ubicación actual Localización Fecha de creación Forma de adquisición Costo
05/04/2017 26 6 330.98 C733c 100081670 03/12/2025 V.1 Ej.1 03/02/2013 Libro   DEWEY     Libro   Claustro Claustro Mezanine 28/02/2013 Compra 63200.00